Institutions administratives
Bewaard in:
| Hoofdauteur: | |
|---|---|
| Formaat: | Boek |
| Taal: | Frans |
| Gepubliceerd in: |
París
Libraire Générale de Droit et de Jurisprudence
1966
|
| Onderwerpen: | |
| Tags: |
Voeg label toe
Geen labels, Wees de eerste die dit record labelt!
|
MARC
| LEADER | 00000nam a2200000 a 4500 | ||
|---|---|---|---|
| 001 | UCS0711 | ||
| 003 | CL-VaPUC | ||
| 008 | 970426e19660000FR |||||||||||||||||fre|d | ||
| 082 | 0 | 4 | |a 342.06 |b DEB |2 21 |
| 100 | 0 | |a Debbasch, Charles |e author |9 384521 | |
| 245 | 1 | 0 | |a Institutions administratives |
| 300 | |a 326 p | ||
| 942 | |c BK | ||
| 945 | |d 19970426 00:00:00 |a lriquelm | ||
| 260 | |a París |b Libraire Générale de Droit et de Jurisprudence |c 1966 | ||
| 650 | 0 | |a Administración pública |9 255343 | |
| 650 | 7 | |a ORGANIZACION ADMINISTRATIVA |2 CL-VaPUC |9 257438 | |
| 650 | 0 | |a Poder ejecutivo |9 255177 | |
| 650 | 0 | |a Servicios públicos |9 328528 | |
| 650 | 7 | |a JURISDICCION ADMINISTRATIVA |2 CL-VaPUC |9 384522 | |
| 650 | 0 | |a Administración financiera |9 261146 | |
| 583 | |a last modification |c 20170426 05:05:21 |k Rodrigo Vera | ||
| 999 | |c 258928 |d 258926 | ||
| 952 | |0 0 |1 0 |4 0 |6 342_060000000000000_DEB_1966 |7 0 |8 A |9 283338 |a BIBDER |b BIBDER |d 2019-11-19 |i 1834886 |o 342.06 DEB 1966 |p 1834886 |r 2023-01-25 |w 2019-11-19 |y BK |k DER | ||